000
00318nam a2200133Ia 4500
003
OSt
005
20230727062236.0
008
170524s9999 xx 000 0 und d
040
_c
IIMT UNIVERSITY
100
_a
SADAGOPAN- S
245
0
_a
MANAGEMENT INFORMATION SYSTEMS
260
_b
HIMALYA PUB. HOUSE
942
_2
ddc
_c
02
999
_c
8053
_d
8053